Rozprávanie o Júliusovi Fučíkovi K dnešnému Medzinárodnému dňu solidarity novinárov - 35. výročie popravy J. Fučíka nacistami r. 1943

Bibliographic Details
Main Author: Rybák, Josef, 1904-1992 (Author)
Format: Article
Language:Slovak
Subjects:

MARC

LEADER 00000nab a2200000 a 4500
001 vtls000008335
003 SK-MaSNL
005 20260303021003.0
008 150430c1978 xo 0 slo
015 |a SNBRB19rr/mm-uuuuu 
035 |a CL0018428 
040 |a SNKBUCL  |b slo  |c SNKBUCL  |e AACR2 
041 0 |a slo 
044 |a xo  |c SK 
080 |a 82(091):885.0"19":92  |2 1981 
080 |a 885.0"19"  |2 1981 
080 |a 885.0(091)"19"  |2 1981 
080 |a 92 Fučík, Július  |2 1981 
100 1 |a Rybák, Josef,  |d 1904-1992  |4 aut  |9 117235 
245 1 0 |a Rozprávanie o Júliusovi Fučíkovi  |b K dnešnému Medzinárodnému dňu solidarity novinárov - 35. výročie popravy J. Fučíka nacistami r. 1943  |c Jozef Rybák 
600 1 7 |a Fučík, Julius,  |d 1903-1943  |2 snkbucl  |9 106542 
655 7 |a články z novín a časopisov  |2 snkbucl  |9 267496 
655 7 |a články z odboru literárna veda a krásna literatúra  |2 snkbucl  |9 770045 
773 0 |t Smena na nedeľu  |g Roč. 13, č. 36 (1978), s. /6/-/7/ 
850 |a Slovenská národná knižnica v Martine  |a MTA001 
852 |a SNK  |b KIS3GCP 
958 |a RK 
958 |a LX 
958 |a SK 
992 |a RBX 
999 |c 1620848  |d 1622778